000 00549nam a2200181 i 4500
001 31163
003 ES-MaACL
005 20230906154328.0
007 t|
008 030128s1963 sp ||||1| spa d
100 1 _aBear, Firman E.
_926779
245 1 0 _aQuímica del suelo /
_cFirman E. Bear ; traducción de José de la Rubia Pacheco.
250 _a[1ª ed.].
260 _aMadrid :
_bInterciencia,
_c[1963]
300 _aVIII, 436 p. :
_bil. ;
_c22 cm.
700 1 _aRubia Pacheco, José de la.
_9100307
852 _aES-MaACL
_jC-24815
_bR.53545
999 _c31163
_d31163